|
|
|
|
| LEADER |
00000nam a22000007a 4500 |
| 005 |
20130611150651.0 |
| 007 |
cr|||| |||| |
| 008 |
130611e2010 sz |||||s|||| 00||0 eng d |
| 035 |
|
|
|a 11271
|
| 040 |
|
|
|a vLex
|
| 090 |
|
|
|c 4304
|d 4304
|
| 245 |
0 |
0 |
|a Guidelines for labour inspection in forestry
|h [Recurso electrn̤ico]
|
| 256 |
|
|
|a Servicio en ln̕ea
|
| 260 |
|
|
|a Geneva :
|b International Labour Organization, represented by the International Labour Office (ILO),
|c 2010
|
| 300 |
|
|
|a 1 Recurso electrn̤ico
|
| 740 |
|
|
|a vlex libros
|
| 856 |
4 |
0 |
|z Acceso restringido
|u http://vlex.com/source/11271
|
| 942 |
|
|
|c BOOK
|
| 999 |
|
0 |
|a Labor laws and legislation
|